000 00357 a2200169 4500
001 172022
020 _a
040 _cMagnum
100 _aLima, Aristides Fraga
240 1 0 _aO administrador do rei
_lpor
245 1 0 _aO administrador do rei
300 _a79
362 0 _a1991
440 1 _aScipione
697 _aLITERATURA JUVENIL
942 _cBK
999 _c172022
_d172022